სტუდენტების განწყობა უმცირესობისადმი და მედიის როლი (ბიბ.ჩანაწერი № 54322)
[ მარტივი ფორმატი ]
| 000 -LEADER | |
|---|---|
| fixed length control field | 00942nam a2200229Ia 4500 |
| 001 - CONTROL NUMBER | |
| control field | 21378 |
| 003 - CONTROL NUMBER IDENTIFIER | |
| control field | GE_BSU |
| 008 - FIXED-LENGTH DATA ELEMENTS--GENERAL INFORMATION | |
| fixed length control field | 181216s||||||||xx |||||||||||||| ||und|| |
| 020 ## - INTERNATIONAL STANDARD BOOK NUMBER | |
| International Standard Book Number | 9789941271137 |
| 040 ## - CATALOGING SOURCE | |
| Transcribing agency | GE_BSU |
| 080 ## - UNIVERSAL DECIMAL CLASSIFICATION NUMBER | |
| Universal Decimal Classification number | 314+070 |
| 100 ## - MAIN ENTRY--PERSONAL NAME | |
| Personal name | რედ. პაატა შამუგია. თარგმ. მ.შერვაშიძე |
| 245 ## - TITLE STATEMENT | |
| Title | სტუდენტების განწყობა უმცირესობისადმი და მედიის როლი |
| 260 ## - PUBLICATION, DISTRIBUTION, ETC. | |
| Place of publication, distribution, etc. | თბილისი |
| 260 ## - PUBLICATION, DISTRIBUTION, ETC. | |
| Date of publication, distribution, etc. | 2017 |
| 300 ## - PHYSICAL DESCRIPTION | |
| Extent | 89 გვ. 21 სმ. |
| 520 ## - SUMMARY, ETC. | |
| Summary, etc. | წიგნის მეორე მხარე ინგლ.ენაზე |
| 653 ## - INDEX TERM--UNCONTROLLED | |
| Uncontrolled term | საზოგადოება |
| 653 ## - INDEX TERM--UNCONTROLLED | |
| Uncontrolled term | სტუდენტების განწყობა უმცირესობისადმი და მედიის როლი |
| 942 ## - ADDED ENTRY ELEMENTS (KOHA) | |
| Koha item type | წიგნი |
არაა ხელმისაწვდომი ეგზემპლარები.
